/ متاعِ شاد (Record no. 106070)

MARC details
000 -LEADER
fixed length control field 00822nam a22002537a 4500
005 - DATE AND TIME OF LATEST TRANSACTION
control field 20170123162302.0
010 ## - LIBRARY OF CONGRESS CONTROL NUMBER
LC control number B-209250
020 ## - INTERNATIONAL STANDARD BOOK NUMBER
Terms of availability 100.00
International Standard Book Number 8187231726
035 ## - SYSTEM CONTROL NUMBER
System control number B-209250
037 ## - SOURCE OF ACQUISITION
Source of stock number/acquisition Cen Lib/Ret
040 ## - CATALOGING SOURCE
Original cataloging agency DPL
Language of cataloging UR
082 ## - DEWEY DECIMAL CLASSIFICATION NUMBER
Classification number 841
Item number ش ا د
100 ## - MAIN ENTRY--PERSONAL NAME
Personal name شاد، بشن دیال
9 (RLIN) 141887
245 ## - TITLE STATEMENT
Title / متاعِ شاد
Statement of responsibility, etc بشن دیال شاد
246 ## - VARYING FORM OF TITLE
Title proper/short title Mata-e-shaad /
Remainder of title by Bishan Dyal Shaad
260 ## - PUBLICATION, DISTRIBUTION, ETC. (IMPRINT)
Place of publication, distribution, etc دہلی
Name of publisher, distributor, etc تخلیق کار پبلشرز
Date of publication, distribution, etc 2006
270 ## - ADDRESS
Address یاور منزل, ای بلاک, لکشمی نگر
City دہلی
Postal code 110092
300 ## - PHYSICAL DESCRIPTION
Extent 143p.
Dimensions 22cm(Hb)
650 ## - SUBJECT ADDED ENTRY--TOPICAL TERM
Topical term or geographic name as entry element اردو ادب
General subdivision
Geographic subdivision
9 (RLIN) 141888
650 ## - SUBJECT ADDED ENTRY--TOPICAL TERM
Topical term or geographic name as entry element اردو شاعری
Form subdivision
9 (RLIN) 141889
650 ## - SUBJECT ADDED ENTRY--TOPICAL TERM
Topical term or geographic name as entry element Urdu adab
9 (RLIN) 141890
650 ## - SUBJECT ADDED ENTRY--TOPICAL TERM
Topical term or geographic name as entry element Urdu shayari
9 (RLIN) 141891
942 ## - ADDED ENTRY ELEMENTS (KOHA)
Source of classification or shelving scheme Dewey Decimal Classification
Koha item type Urdu Bks
Classification part 841
Call number suffix ش ا د
Holdings
Withdrawn status Lost status Damaged status Not for loan Home library Current library Date acquired Source of acquisition Cost, normal purchase price Total Checkouts Full call number Barcode Date last seen Copy number Cost, replacement price Price effective from Koha item type
        Central Library Central Library 20/06/2015 Cen Lib/Ret 100.00   841 ش ا د B-209250 20/06/2015 1 100.00 20/06/2015 Urdu Bks

© Delhi Public Library
Hit Counter
free hit counter